LEADER 01380nam--2200409---450- 001 990002099410203316 005 20101124104203.0 010 $a2-8027-1533-X 035 $a000209941 035 $aUSA01000209941 035 $a(ALEPH)000209941USA01 035 $a000209941 100 $a20041021d2001----km-y0itay0103----ba 101 $afre 102 $aBE 105 $ay---z---001yy 200 1 $a<> Convention européenne des droits de l'homme dans le contenteux de la fonction publique belge$epréface de Robert Andersen$fBruno Lombaert 210 $aBruxelles$cBruylant$d2001 215 $aXII, 169 p.$d22 cm 225 2 $aDroit et Justice$f32 410 0$12001$aDroit et Justice$v32 454 1$12001 461 1$1001-------$12001 606 0 $aDiritti dell'uomo$xConvenzione europea 676 $a341.481 700 1$aLOMBAERT,$bBruno$0567618 702 1$aANDERSEN,$bRobert 801 0$aIT$bsalbc$gISBD 912 $a990002099410203316 951 $aXXIII.2.E. 52 (IG VIII 11 348)$b37681 G.$cXXIII.2.E. 52 (IG VIII 11)$d00088895 959 $aBK 969 $aGIU 979 $aFIORELLA$b90$c20041021$lUSA01$h1109 979 $aRSIAV2$b90$c20091021$lUSA01$h1008 979 $aRSIAV2$b90$c20101124$lUSA01$h1042 996 $aConvention européenne des droits de l'homme dans le contenteux de la fonction publique belge$91037808 997 $aUNISA LEADER 01908nam 2200601 a 450 001 9910449672403321 005 20200520144314.0 010 $a1-280-26704-6 010 $a9786610267040 010 $a1-84642-005-9 010 $a1-4237-0958-6 035 $a(CKB)1000000000032709 035 $a(OCoLC)60712608 035 $a(CaPaEBR)ebrary10082297 035 $a(SSID)ssj0000229884 035 $a(PQKBManifestationID)11199521 035 $a(PQKBTitleCode)TC0000229884 035 $a(PQKBWorkID)10171971 035 $a(PQKB)10714595 035 $a(MiAaPQ)EBC3015925 035 $a(Au-PeEL)EBL3015925 035 $a(CaPaEBR)ebr10082297 035 $a(CaONFJC)MIL26704 035 $a(OCoLC)923646637 035 $a(EXLCZ)991000000000032709 100 $a19990729d2000 uy 0 101 0 $aeng 135 $aurcn||||||||| 181 $ctxt 182 $cc 183 $acr 200 10$aPsychiatric aspects of justification, excuse, and mitigation in Anglo-American criminal law$b[electronic resource] /$fAlec Buchanan 210 $aLondon ;$aPhiladelphia $cJ. Kingsley Publishers$d2000 215 $a1 online resource (160 p.) 225 1 $aForensic focus ;$v17 300 $aBibliographic Level Mode of Issuance: Monograph 311 $a1-85302-797-9 320 $aIncludes bibliographical references (p. 139-150) and index. 410 0$aForensic focus ;$v17. 606 $aInsanity (Law)$zGreat Britain 606 $aInsanity (Law)$zUnited States 608 $aElectronic books. 615 0$aInsanity (Law) 615 0$aInsanity (Law) 676 $a345.73/04 700 $aBuchanan$b Alec$0901074 801 0$bMiAaPQ 801 1$bMiAaPQ 801 2$bMiAaPQ 906 $aBOOK 912 $a9910449672403321 996 $aPsychiatric aspects of justification, excuse, and mitigation in Anglo-American criminal law$92014067 997 $aUNINA